| 000 | 00399nam a22001817a 4500 | ||
|---|---|---|---|
| 003 | NUST | ||
| 020 | _a0534365868 | ||
| 038 | _a. | ||
| 082 | _a515 TAN | ||
| 100 |
_aTan, S.T _983964 |
||
| 245 | _aCalculus , For The Managerial Life And Social Sciences | ||
| 250 | _a5th ed | ||
| 260 |
_aUSA: _bBrooks/Cole, _c2000. |
||
| 300 | _a460P | ||
| 563 | _a. | ||
| 662 | _aCalculus | ||
| 942 |
_cBK _2ddc |
||
| 999 |
_c571511 _d571511 |
||